| 000 | 00467cam a22001934a 4500 | ||
|---|---|---|---|
| 005 | 20250605163442.0 | ||
| 008 | 250528s ||||||||||||||||||||||||d | ||
| 035 | _a19535 | ||
| 020 | _a9602860707 | ||
| 040 |
_aGR-AtMCL _bgre _dGR-AtMCL _eAACR2 |
||
| 245 | 1 | _aΕΥΡΩΠΑΙΚΗ ΕΝΟΠΟΙΗΣΗ | |
| 250 | _a1 | ||
| 260 |
_bΈλλην, _c1993 |
||
| 300 | _a246 | ||
| 700 | 1 | _aΣαρρης Νικος | |
| 942 | _cBK | ||
| 999 |
_c4791 _d4791 |
||